<?xml version="1.0" encoding="UTF-8"?>
<record
    xmlns:xsi="http://www.w3.org/2001/XMLSchema-instance"
    xsi:schemaLocation="http://www.loc.gov/MARC21/slim http://www.loc.gov/standards/marcxml/schema/MARC21slim.xsd"
    xmlns="http://www.loc.gov/MARC21/slim">

  <leader>01339nam0a2200361   4500</leader>
  <controlfield tag="001">RU\NLR\BIBL_A\012648676</controlfield>
  <controlfield tag="005">20220112114106.0</controlfield>
  <datafield tag="010" ind1=" " ind2=" ">
    <subfield code="a">978-5-04-120-280-4</subfield>
    <subfield code="9">2000</subfield>
  </datafield>
  <datafield tag="021" ind1=" " ind2=" ">
    <subfield code="a">RU</subfield>
    <subfield code="b">&#x41A;&#x41D;-&#x41F;-21-048552</subfield>
    <subfield code="9">&#x41A;&#x41D;-&#x41F;-21-3824</subfield>
  </datafield>
  <datafield tag="035" ind1=" " ind2=" ">
    <subfield code="a">(NLR Aleph) 012648676</subfield>
  </datafield>
  <datafield tag="090" ind1=" " ind2=" ">
    <subfield code="a">12719501</subfield>
    <subfield code="c">12719501</subfield>
  </datafield>
  <datafield tag="100" ind1=" " ind2=" ">
    <subfield code="a">20211123d2021    u  y0rusy50      ca</subfield>
  </datafield>
  <datafield tag="101" ind1="1" ind2=" ">
    <subfield code="a">rus</subfield>
    <subfield code="c">eng</subfield>
  </datafield>
  <datafield tag="102" ind1=" " ind2=" ">
    <subfield code="a">RU</subfield>
  </datafield>
  <datafield tag="105" ind1=" " ind2=" ">
    <subfield code="a">a|||z|||000ay</subfield>
  </datafield>
  <datafield tag="181" ind1=" " ind2="0">
    <subfield code="a">i3</subfield>
    <subfield code="b">ab2e  </subfield>
  </datafield>
  <datafield tag="182" ind1=" " ind2="0">
    <subfield code="a">n</subfield>
  </datafield>
  <datafield tag="200" ind1="1" ind2=" ">
    <subfield code="a">&#x412;&#x435;&#x43B;&#x438;&#x43A;&#x430;&#x44F; &#x41E;&#x440;&#x434;&#x430;&#x43B;&#x438;&#x44F;</subfield>
    <subfield code="f">&#x420;. &#x421;&#x43A;&#x43E;&#x442;&#x442; &#x411;&#x44D;&#x43A;&#x43A;&#x435;&#x440;</subfield>
    <subfield code="g">&#x43F;&#x435;&#x440;&#x435;&#x432;&#x43E;&#x434; &#x441; &#x430;&#x43D;&#x433;&#x43B;&#x438;&#x439;&#x441;&#x43A;&#x43E;&#x433;&#x43E; &#x42E;. &#x421;&#x43E;&#x43A;&#x43E;&#x43B;&#x43E;&#x432;&#x430;, &#x410;. &#x411;&#x430;&#x440;&#x430;&#x43D;&#x43E;&#x432;&#x430;</subfield>
  </datafield>
  <datafield tag="203" ind1=" " ind2=" ">
    <subfield code="a">&#x422;&#x435;&#x43A;&#x441;&#x442;</subfield>
    <subfield code="b">&#x432;&#x438;&#x437;&#x443;&#x430;&#x43B;&#x44C;&#x43D;&#x44B;&#x439;</subfield>
    <subfield code="c">&#x43D;&#x435;&#x43F;&#x43E;&#x441;&#x440;&#x435;&#x434;&#x441;&#x442;&#x432;&#x435;&#x43D;&#x43D;&#x44B;&#x439;</subfield>
  </datafield>
  <datafield tag="210" ind1=" " ind2=" ">
    <subfield code="a">&#x41C;&#x43E;&#x441;&#x43A;&#x432;&#x430;</subfield>
    <subfield code="c">Fanzon</subfield>
    <subfield code="c">&#x42D;&#x43A;&#x441;&#x43C;&#x43E;</subfield>
    <subfield code="d">2021</subfield>
  </datafield>
  <datafield tag="215" ind1=" " ind2=" ">
    <subfield code="a">621, [3] &#x441;.</subfield>
    <subfield code="c">&#x438;&#x43B;.</subfield>
    <subfield code="d">22</subfield>
  </datafield>
  <datafield tag="225" ind1="1" ind2=" ">
    <subfield code="a">Fantasy World</subfield>
    <subfield code="e">&#x43B;&#x443;&#x447;&#x448;&#x435;&#x435; &#x441;&#x43E;&#x432;&#x440;&#x435;&#x43C;&#x435;&#x43D;&#x43D;&#x43E;&#x435; &#x444;&#x44D;&#x43D;&#x442;&#x435;&#x437;&#x438;</subfield>
  </datafield>
  <datafield tag="311" ind1=" " ind2=" ">
    <subfield code="a">&#x426;&#x438;&#x43A;&#x43B; "&#x412;&#x442;&#x43E;&#x440;&#x43E;&#x439; &#x410;&#x43F;&#x43E;&#x43A;&#x430;&#x43B;&#x438;&#x43F;&#x441;&#x438;&#x441;"</subfield>
  </datafield>
  <datafield tag="320" ind1=" " ind2=" ">
    <subfield code="a">&#x414;&#x440;. &#x43A;&#x43D;. &#x430;&#x432;&#x442;.: &#x441;. 1</subfield>
  </datafield>
  <datafield tag="333" ind1=" " ind2=" ">
    <subfield code="a">16+</subfield>
  </datafield>
  <datafield tag="488" ind1=" " ind2="0">
    <subfield code="1">2001#$a&#x412;&#x442;&#x43E;&#x440;&#x43E;&#x439; &#x410;&#x43F;&#x43E;&#x43A;&#x430;&#x43B;&#x438;&#x43F;&#x441;&#x438;&#x441;$e&#x446;&#x438;&#x43A;&#x43B;</subfield>
  </datafield>
  <datafield tag="686" ind1="1" ind2=" ">
    <subfield code="a">&#x428;6(7&#x41A;)167-445{&#x41B;&#x445;1960-18}</subfield>
  </datafield>
  <datafield tag="700" ind1=" " ind2="1">
    <subfield code="a">&#x411;&#x44D;&#x43A;&#x43A;&#x435;&#x440;</subfield>
    <subfield code="b">&#x420;. &#x421;.</subfield>
    <subfield code="f">1967-</subfield>
    <subfield code="g">&#x420;. &#x421;&#x43A;&#x43E;&#x442;&#x442;</subfield>
    <subfield code="3">RU\NLR\AUTH\770189275</subfield>
  </datafield>
  <datafield tag="942" ind1=" " ind2=" ">
    <subfield code="c">BOOK</subfield>
  </datafield>
  <datafield tag="980" ind1=" " ind2=" ">
    <subfield code="a">NB</subfield>
  </datafield>
  <datafield tag="995" ind1=" " ind2=" ">
    <subfield code="5">2021-11-23</subfield>
    <subfield code="a">ad</subfield>
    <subfield code="b">NLR01</subfield>
    <subfield code="c">NLR01</subfield>
    <subfield code="e">RF81</subfield>
    <subfield code="f">1-3373772</subfield>
    <subfield code="k">2021-5/9532</subfield>
    <subfield code="o">0</subfield>
    <subfield code="p">0.00</subfield>
    <subfield code="r">BOOK</subfield>
    <subfield code="s">202159532_</subfield>
  </datafield>
  <datafield tag="995" ind1=" " ind2=" ">
    <subfield code="5">2021-11-23</subfield>
    <subfield code="a">ad</subfield>
    <subfield code="b">NLR01</subfield>
    <subfield code="c">NLR01</subfield>
    <subfield code="e">RF81</subfield>
    <subfield code="f">1-3373774</subfield>
    <subfield code="k">2021-5/9532</subfield>
    <subfield code="o">0</subfield>
    <subfield code="p">0.00</subfield>
    <subfield code="r">BOOK</subfield>
    <subfield code="s">202159532_</subfield>
  </datafield>
</record>
